Films 70', 80', 90' (mal) décrit selon le point de vue d'un personnage - Statistiques

Statistiques générales
  • Ce quiz a été pris 773 fois
  • Le résultat moyen est 5 sur 20
Statistiques - réponses
Hint Réponse % Correct
J'espère que mes parents vont pouvoir se faire rembourser mon billet ! Maman j'ai raté l'avion
68%
Ce parc d'attraction a vraiment les pires toilettes du monde ! Jurassic Park
58%
Disons que, dans le temps, je serais le ciment du couple que forme mes parents... Retour vers le futur
51%
Grâce à mes talents j'éduque mes enfants au microscope Chérie, j'ai rétreci les gosses
46%
Je vais révolutionner cette choral, même si ça doit permettre à mon ex de me retrouver ! Sister Act
37%
Capitaine Crochet
34%
Suite à un accident de crocodile, j'ai eu la pire greffe de main du monde. Hook
34%
Si mes habits sont de la même couleur que ma peau, ce n'est pas pour aller à un enterrement Men In Black
25%
Martin McFly
24%
Donc en fait pour chopper des mecs au lycée, il faut apprendre à fumer ! Grease
18%
Même dans l'archéologie du futur, les méthodes d'éclairages sont naz ! Le cinquième élément
12%
Clairement, pour moi, les épreuves de montagne du Tour De France ne sont pas un problème ET
11%
ET
11%
James Edwards III
8%
Kevin McCallister
7%
Dolores Van Cartier
6%
Aziz
4%
Wayne Szalinski
3%
Donald Gennaro
2%
Sandy Olsson
1%
Aucun quiz correspondant
Distribution des résultats
% des personnes avec chaque résultat
Percentile par nombre de réponses
Votre historique - résultats
Vous n’avez pas pris ce quiz